[Event "Ontario op"]
[Site "Brantford CAN"]
[Date "2025.05.19"]
[Round "5"]
[White "Li, William"]
[Black "Hong, Zihan"]
[Result "1-0"]
[WhiteElo "2284"]
[BlackElo "2042"]
[WhiteFideId "-1"]
[WhiteFideId "-1"]
[PlyCount "55"]
[GameId "2188509776237187"]
[EventDate "2025.05.17"]
[EventType "swiss"]
[EventRounds "6"]
[EventCountry "CAN"]

{[%evp 0,55,17,21,17,22,19,122,25,-5,26,-19,8,8,15,-2,48,60,32,36,23,5,0,-7,-7,-5,58,39,20,22,52,152,110,78,77,123,162,143,192,150,225,250,363,347,379,207,149,215,110,226,358,248,281,474,692,699,899,1037]} 1. e4 c5 2. Nf3 g6 3. c3 d5 4. exd5 Qxd5 5. d4 Bg7 6. Na3 cxd4 7. Bc4 Qd7 8. cxd4 e6 9. O-O Ne7 10. Qe2 Nbc6 11. Rd1 O-O 12. Ne5 Nxe5 13. dxe5 Qc7 14. Bf4 a6 15. Rac1 Nc6 16. Rd6 Qa5 17. Bb3 Qc7 18. Qd1 Qe7 19. Rc5 Nb8 20. Nc4 Nd7 21. Rc7 Qe8 22. Bg5 b5 23. Rdxd7 bxc4 24. Rd8 Qb5 25. Rxf8+ Bxf8 26. Qf3 Bd7 27. Bxc4 Qa4 28. Qxa8 1-0

[Event "Ontario op"]
[Site "Brantford CAN"]
[Date "2025.05.19"]
[Round "5"]
[White "Lin, Austin"]
[Black "Harms, Reece"]
[Result "1-0"]
[WhiteElo "2030"]
[BlackElo "2054"]
[WhiteFideId "-1"]
[WhiteFideId "-1"]
[PlyCount "59"]
[GameId "2189407874832955"]
[EventDate "2025.05.17"]
[EventType "swiss"]
[EventRounds "6"]
[EventCountry "CAN"]

1. e4 e5 2. Nf3 Nc6 3. Bc4 Nf6 4. Ng5 d5 5. exd5 Na5 6. Bb5+ c6 7. dxc6 bxc6 8. Bd3 Nd5 9. Nf3 Bd6 10. O-O Nf4 11. Nc3 Nxd3 12. cxd3 O-O 13. Ne4 Bc7 14. Qc2 c5 15. b3 Bb7 16. Ba3 f5 17. Nxc5 Bxf3 18. Ne6 Qf6 19. gxf3 Rf7 20. Nxc7 Nc6 21. Nb5 a6 22. Rac1 Qg5+ 23. Kh1 Rf6 24. Nd6 Nd4 25. Qc8+ Rf8 26. Qc4+ Kh8 27. Nf7+ Rxf7 28. Qxf7 Nxf3 29. Qd5 Rf8 30. Qxf3 1-0

[Event "Ontario op"]
[Site "Brantford CAN"]
[Date "2025.05.19"]
[Round "5"]
[White "Loadman, Ian"]
[Black "Thong Nguyen, Minh"]
[Result "1-0"]
[WhiteElo "2063"]
[BlackElo "1971"]
[WhiteFideId "-1"]
[WhiteFideId "-1"]
[PlyCount "79"]
[GameId "2189115498307641"]
[EventDate "2025.05.17"]
[EventType "swiss"]
[EventRounds "6"]
[EventCountry "CAN"]

1. e4 c5 2. Nf3 d6 3. Bb5+ Nd7 4. O-O a6 5. Bxd7+ Bxd7 6. c3 Nf6 7. Re1 e5 8. d4 cxd4 9. cxd4 Qc7 10. Nc3 Be7 11. h3 O-O 12. Bg5 Bc6 13. Rc1 Qb8 14. Bh4 Bd8 15. b4 h6 16. dxe5 dxe5 17. Bg3 Bc7 18. a4 b5 19. Nd5 Bxd5 20. exd5 Rd8 21. Qc2 Nxd5 22. Nxe5 Bxe5 23. Bxe5 Qb6 24. a5 Qg6 25. Qb3 Nf6 26. Rc6 Rd3 27. Qb1 Re8 28. Bxf6 Rxe1+ 29. Qxe1 gxf6 30. Qe8+ Kg7 31. Rc8 Qh7 32. Rc7 Qg6 33. Rc8 Qh7 34. Qf8+ Kg6 35. Qe7 Kg7 36. Rf8 Qg6 37. Qe8 Rd1+ 38. Kh2 Re1 39. Rg8+ Kh7 40. Rh8+ 1-0

[Event "Ontario op"]
[Site "Brantford CAN"]
[Date "2025.05.19"]
[Round "5"]
[White "Lu, Tony"]
[Black "Moses, Neil"]
[Result "0-1"]
[WhiteElo "2195"]
[BlackElo "2321"]
[WhiteFideId "-1"]
[WhiteFideId "-1"]
[PlyCount "78"]
[GameId "2190954202604559"]
[EventDate "2025.05.17"]
[EventType "swiss"]
[EventRounds "6"]
[EventCountry "CAN"]

1. c4 Nf6 2. Nf3 c6 3. g3 d5 4. Bg2 dxc4 5. O-O Nbd7 6. Qc2 Nb6 7. Na3 Be6 8. Ng5 Qd7 9. Nxe6 Qxe6 10. e4 g6 11. b3 cxb3 12. axb3 Bg7 13. d4 O-O 14. Bb2 Rfd8 15. Rfd1 h5 16. Rd2 Qc8 17. f4 e6 18. Rc1 Qd7 19. Rcd1 Rac8 20. Nc4 Nxc4 21. bxc4 Ng4 22. Rd3 Qc7 23. h3 Nh6 24. Qf2 b5 25. c5 a5 26. g4 hxg4 27. Rg3 e5 28. f5 exd4 29. f6 Bxf6 30. Qxf6 Qxg3 31. Rxd4 Qe1+ 32. Bf1 Qe3+ 33. Kh2 g3+ 34. Kh1 Rxd4 35. Bxd4 Qxe4+ 36. Kg1 Kf8 37. Qd6+ Qe7 38. Qxg3 Nf5 39. Qg4 Qh4 0-1

[Event "Ontario op"]
[Site "Brantford CAN"]
[Date "2025.05.19"]
[Round "5"]
[White "Mao, Fengxi"]
[Black "Kola, Venkat Karthikeya R"]
[Result "1-0"]
[WhiteElo "2404"]
[BlackElo "2159"]
[WhiteFideId "-1"]
[WhiteFideId "-1"]
[PlyCount "63"]
[GameId "2188130038759537"]
[EventDate "2025.05.17"]
[EventType "swiss"]
[EventRounds "6"]
[EventCountry "CAN"]

1. Nf3 c5 2. e4 d6 3. d4 cxd4 4. Nxd4 Nf6 5. Nc3 a6 6. Bc4 e6 7. Be3 b5 8. Bb3 Bb7 9. Qe2 Nbd7 10. O-O-O Nc5 11. e5 Nxb3+ 12. Nxb3 b4 13. Nb5 Nd5 14. Nxd6+ Bxd6 15. exd6 O-O 16. Qg4 f5 17. Qf3 Bc6 18. Bf4 Qf6 19. Nd4 Bd7 20. Rhe1 a5 21. Be5 Qh6+ 22. Kb1 a4 23. Nxe6 Bxe6 24. Rxd5 b3 25. Rc5 Rfc8 26. Bc3 bxc2+ 27. Kxc2 Bxa2 28. d7 Rd8 29. Qxa8 Bb3+ 30. Kb1 Rxa8 31. Rc8+ Kf7 32. d8=Q 1-0

[Event "Ontario op"]
[Site "Brantford CAN"]
[Date "2025.05.19"]
[Round "5"]
[White "Murali, Dhruv"]
[Black "Joshua Lee, Daniel"]
[Result "0-1"]
[WhiteElo "2063"]
[BlackElo "1989"]
[WhiteFideId "-1"]
[WhiteFideId "-1"]
[PlyCount "86"]
[GameId "2189279055073988"]
[EventDate "2025.05.17"]
[EventType "swiss"]
[EventRounds "6"]
[EventCountry "CAN"]

1. b3 d5 2. Bb2 Nf6 3. e3 Bf5 4. Nf3 e6 5. d4 Bd6 6. Bd3 Bxd3 7. Qxd3 Nbd7 8. c4 c6 9. Nc3 O-O 10. O-O Nh5 11. Qe2 f5 12. Ne5 Nhf6 13. f4 Bb4 14. a3 Bxc3 15. Bxc3 Ne4 16. Bb4 Rf6 17. Nxd7 Qxd7 18. a4 Rh6 19. g3 Kh8 20. Kg2 Rg8 21. Rad1 Qc7 22. cxd5 exd5 23. Bd2 g5 24. b4 g4 25. b5 Qf7 26. Rh1 Qh5 27. Be1 cxb5 28. Qxb5 Rc8 29. Bf2 Rc2 30. Rdf1 Rb6 31. Qxd5 Rxf2+ 32. Kg1 Rxf1+ 33. Kxf1 Rb1+ 34. Ke2 Nc3+ 35. Kd3 Nxd5 36. Rxb1 Qxh2 37. Rxb7 Qxg3 38. Kc4 Nxe3+ 39. Kc5 Qxf4 40. Rxa7 g3 41. Ra8+ Kg7 42. a5 Qc7+ 43. Kb5 Qb7+ 0-1

[Event "Ontario op"]
[Site "Brantford CAN"]
[Date "2025.05.19"]
[Round "5"]
[White "Pan, Julian"]
[Black "Malakar, Saarthak"]
[Result "1/2-1/2"]
[WhiteElo "1950"]
[BlackElo "2081"]
[WhiteFideId "-1"]
[WhiteFideId "-1"]
[PlyCount "72"]
[GameId "2190954202604562"]
[EventDate "2025.05.17"]
[EventType "swiss"]
[EventRounds "6"]
[EventCountry "CAN"]

1. e4 c6 2. d4 d5 3. exd5 cxd5 4. c4 Nf6 5. Nc3 Nc6 6. Nf3 Bg4 7. cxd5 Nxd5 8. Qb3 Nxc3 9. Bc4 e6 10. bxc3 Qc7 11. Be3 a6 12. Be2 Bd6 13. h3 Bh5 14. O-O O-O 15. c4 Rab8 16. d5 Na5 17. Qb6 Bxf3 18. gxf3 exd5 19. cxd5 Rfe8 20. Qxc7 Bxc7 21. Rfd1 Bd6 22. Bf1 b5 23. Rac1 Rbc8 24. Bb6 Nc4 25. Bxc4 bxc4 26. Rc2 Re5 27. Rdc1 Rb8 28. Bd4 Rxd5 29. Rxc4 f6 30. Be3 Kf7 31. Rc6 a5 32. Rxd6 Rxd6 33. Bf4 Rbd8 34. Bxd6 Rxd6 35. Rc5 a4 36. Rc4 Rd3 1/2-1/2

[Event "Ontario op"]
[Site "Brantford CAN"]
[Date "2025.05.19"]
[Round "5"]
[White "Pitre, Lucas"]
[Black "Maulucci, Anthony"]
[Result "1-0"]
[WhiteElo "2076"]
[BlackElo "2126"]
[WhiteFideId "-1"]
[WhiteFideId "-1"]
[PlyCount "87"]
[GameId "2189413402876488"]
[EventDate "2025.05.17"]
[EventType "swiss"]
[EventRounds "6"]
[EventCountry "CAN"]

1. Nf3 d5 2. g3 Nf6 3. Bg2 Bf5 4. O-O c6 5. c4 h6 6. Qb3 Qb6 7. cxd5 cxd5 8. Qxb6 axb6 9. d3 Nc6 10. Nc3 e6 11. Nb5 Rc8 12. Bf4 g5 13. Bd6 Kd7 14. Ne5+ Nxe5 15. Bxe5 Be7 16. Rfc1 Rc5 17. b4 Rxc1+ 18. Rxc1 Ra8 19. a3 Ne8 20. f3 Rc8 21. Rxc8 Kxc8 22. e4 dxe4 23. dxe4 Bg6 24. Kf2 Kd7 25. Ke3 f6 26. Bb2 Bd6 27. Nxd6 Kxd6 28. Bd4 Kc6 29. e5 fxe5 30. Bxe5 Kb5 31. f4 Ka4 32. Kd4 Kxa3 33. Kc4 gxf4 34. gxf4 Bh5 35. Bxb7 Be2+ 36. Kc3 Ka4 37. Bc8 b5 38. Bxe6 Bh5 39. Bb3+ Ka3 40. f5 Nf6 41. Bxf6 Bf3 42. Be5 Bd5 43. Bxd5 h5 44. Bf4 1-0

[Event "Ontario op"]
[Site "Brantford CAN"]
[Date "2025.05.19"]
[Round "5"]
[White "Russell, Wesley"]
[Black "Aaroh Mutyalapati, Modith"]
[Result "1/2-1/2"]
[WhiteElo "1969"]
[BlackElo "2159"]
[WhiteFideId "-1"]
[WhiteFideId "-1"]
[PlyCount "66"]
[GameId "2190954202604560"]
[EventDate "2025.05.17"]
[EventType "swiss"]
[EventRounds "6"]
[EventCountry "CAN"]

1. e4 e6 2. d4 d5 3. e5 c5 4. c3 Nc6 5. Nf3 Nh6 6. Bd3 Nf5 7. Bxf5 exf5 8. O-O cxd4 9. cxd4 Be6 10. Nc3 Be7 11. Qb3 Rb8 12. Rd1 h6 13. Ne2 g5 14. Ng3 h5 15. Qc2 g4 16. Ne1 Qd7 17. Bf4 h4 18. Nf1 Kf8 19. Ne3 Bd8 20. Qc5+ Be7 21. Qc2 Rh5 22. Qd2 Bb4 23. Qe2 Be7 24. Qd2 Qd8 25. N3c2 Kg7 26. Nd3 Qg8 27. b4 Kh8 28. b5 Nd8 29. Qa5 Rc8 30. Ne3 Bg5 31. Qxa7 Rc3 32. g3 hxg3 33. Bxg3 Qh7 1/2-1/2

[Event "Ontario op"]
[Site "Brantford CAN"]
[Date "2025.05.19"]
[Round "5"]
[White "Tseng, Bradley"]
[Black "Zhou Chen, Larry"]
[Result "1/2-1/2"]
[WhiteElo "1939"]
[BlackElo "2066"]
[WhiteFideId "-1"]
[WhiteFideId "-1"]
[PlyCount "33"]
[GameId "2189283467915982"]
[EventDate "2025.05.17"]
[EventType "swiss"]
[EventRounds "6"]
[EventCountry "CAN"]

1. e4 c6 2. Nf3 d5 3. Nc3 dxe4 4. Nxe4 Nd7 5. Bc4 Ngf6 6. Qe2 Nxe4 7. Qxe4 Nf6 8. Ne5 e6 9. Qe2 Be7 10. c3 O-O 11. d4 c5 12. dxc5 Bxc5 13. Bg5 Be7 14. Rd1 Qa5 15. O-O Nd5 16. Bxe7 Nxe7 17. Rfe1 1/2-1/2

[Event "Ontario op"]
[Site "Brantford CAN"]
[Date "2025.05.19"]
[Round "5"]
[White "Wu, Nolan"]
[Black "Bai Li, Triston"]
[Result "1-0"]
[WhiteElo "2076"]
[BlackElo "1992"]
[WhiteFideId "-1"]
[WhiteFideId "-1"]
[PlyCount "49"]
[GameId "2189132717197472"]
[EventDate "2025.05.17"]
[EventType "swiss"]
[EventRounds "6"]
[EventCountry "CAN"]

1. e4 e6 2. d4 d5 3. Nd2 dxe4 4. Nxe4 Nd7 5. Nf3 Ngf6 6. Nxf6+ Nxf6 7. Bd3 c5 8. Bg5 Bd7 9. dxc5 Bxc5 10. O-O Bc6 11. Re1 Qb6 12. Qe2 Qxb2 13. Ne5 Qd4 14. Rad1 Qd5 15. Qf1 Qd6 16. Bb5 Qc7 17. Qc4 Qb6 18. Bxc6+ bxc6 19. Nxf7 O-O 20. Nh6+ gxh6 21. Qxe6+ Rf7 22. Bxf6 Bxf2+ 23. Kh1 Bxe1 24. Rd7 Raf8 25. Qg4+ 1-0

[Event "Ontario op"]
[Site "Brantford CAN"]
[Date "2025.05.19"]
[Round "5.1"]
[White "Vettese, Nicholas"]
[Black "Liang, Jason"]
[Result "1/2-1/2"]
[WhiteElo "2369"]
[BlackElo "2378"]
[WhiteFideId "-1"]
[WhiteFideId "-1"]
[PlyCount "30"]
[GameId "2179213729828864"]
[EventDate "2025.05.17"]
[EventType "swiss"]
[EventRounds "6"]
[EventCountry "CAN"]

1. e4 e5 2. Nf3 Nc6 3. Nc3 Nf6 4. d4 exd4 5. Nxd4 Bb4 6. Nxc6 bxc6 7. Bd3 O-O 8. O-O d5 9. exd5 Bg4 10. f3 Bh5 11. dxc6 Qd4+ 12. Kh1 Bxc3 13. bxc3 Qxc3 14. Rb1 Bg6 15. Bg5 Rfd8 1/2-1/2

[Event "Ontario op"]
[Site "Brantford CAN"]
[Date "2025.05.19"]
[Round "5.3"]
[White "Atanasov, Anthony"]
[Black "Khaledi, Omid"]
[Result "1-0"]
[WhiteElo "2402"]
[BlackElo "2228"]
[WhiteFideId "-1"]
[WhiteFideId "-1"]
[PlyCount "93"]
[GameId "2179213729828864"]
[EventDate "2025.05.17"]
[EventType "swiss"]
[EventRounds "6"]
[EventCountry "CAN"]

1. e4 c5 2. Nf3 d6 3. Nc3 Nf6 4. d4 cxd4 5. Nxd4 a6 6. Be3 e5 7. Nf3 Be7 8. Bc4 Be6 9. Bxe6 fxe6 10. Ng5 Qd7 11. Qf3 h6 12. Qh3 Rg8 13. Nxe6 Kf7 14. Nd5 Qxe6 15. Qxe6+ Kxe6 16. Nc7+ Kf7 17. Nxa8 Nbd7 18. Nb6 Nxb6 19. Bxb6 Nxe4 20. c4 Rc8 21. b3 d5 22. cxd5 Bb4+ 23. Kf1 Rc2 24. g3 Nc3 25. a3 Bd6 26. Kg2 Nxd5 27. Ba7 b6 28. Rac1 Ra2 29. Bxb6 Nxb6 30. Rc6 Bxa3 31. Rxb6 Bc5 32. Rb7+ Kf6 33. Rf1 e4 34. Rc7 Bd4 35. Rc4 Ke5 36. Ra4 Rb2 37. Ra5+ Kf6 38. Rxa6+ Kf5 39. Ra5+ Ke6 40. Ra6+ Ke5 41. Ra5+ Ke6 42. Kg1 e3 43. Ra6+ Ke7 44. fxe3 Bxe3+ 45. Kh1 Rxb3 46. Ra4 Bg5 47. Ra7+ 1-0

[Event "Ontario op"]
[Site "Brantford CAN"]
[Date "2025.05.19"]
[Round "5.4"]
[White "Xu, Leon"]
[Black "Plotkin, Mark"]
[Result "0-1"]
[WhiteElo "2210"]
[BlackElo "2350"]
[WhiteFideId "-1"]
[WhiteFideId "-1"]
[PlyCount "146"]
[GameId "2179213729837056"]
[EventDate "2025.05.17"]
[EventType "swiss"]
[EventRounds "6"]
[EventCountry "CAN"]

1. e4 g6 2. d4 Bg7 3. Nc3 d6 4. f4 a6 5. Nf3 b5 6. Bd3 Bb7 7. O-O Nd7 8. e5 Nh6 9. Be4 Qc8 10. Qe2 O-O 11. e6 Nf6 12. Bxb7 Qxb7 13. Ng5 b4 14. Nd1 Qb5 15. Re1 Nd5 16. exf7+ Nxf7 17. Ne6 Rfc8 18. Nxg7 Qxe2 19. Rxe2 Kxg7 20. c4 bxc3 21. Nxc3 Nxc3 22. bxc3 Kf8 23. Rb1 Rcb8 24. Reb2 Rxb2 25. Rxb2 Ke8 26. Kf2 d5 27. Rb7 Kd7 28. Ba3 e6 29. Rb2 Nd8 30. c4 Nc6 31. cxd5 exd5 32. Bc5 h5 33. g3 Nd8 34. Ke3 Ne6 35. Ba3 Re8 36. Kd3 Rh8 37. Rf2 Ng7 38. Re2 Nf5 39. Re5 c6 40. Re2 Rb8 41. Rb2 Rb5 42. Rxb5 cxb5 43. Bc5 a5 44. Bb6 a4 45. Bc5 h4 46. g4 Nh6 47. g5 Ng4 48. h3 Nf2+ 49. Ke3 Nxh3 50. Kf3 Ke6 51. Bb4 Kf5 52. Bd2 b4 53. Bxb4 Nxf4 54. Be1 h3 55. Kg3 Ne2+ 56. Kxh3 Nxd4 57. Kg3 Kxg5 58. Bf2 Nc6 59. Kf3 Kf5 60. Ke3 Nb4 61. Kd4 Ke6 62. Bh4 Nxa2 63. Kd3 Nb4+ 64. Kc3 Nc6 65. Kb2 d4 66. Be1 Kd5 67. Ka3 Kc4 68. Kxa4 Kd3 69. Kb5 Ke2 70. Bh4 d3 71. Bg5 Nd4+ 72. Kc4 Nf3 73. Bc1 g5 0-1

[Event "Ontario op"]
[Site "Brantford CAN"]
[Date "2025.05.19"]
[Round "5.5"]
[White "Jaferian, Koosha"]
[Black "Kapra, Jerjis"]
[Result "1-0"]
[WhiteElo "2292"]
[BlackElo "2048"]
[WhiteFideId "-1"]
[WhiteFideId "-1"]
[PlyCount "79"]
[GameId "2179213729837056"]
[EventDate "2025.05.17"]
[EventType "swiss"]
[EventRounds "6"]
[EventCountry "CAN"]

1. e4 e6 2. d4 d5 3. Nc3 Nf6 4. e5 Nfd7 5. f4 c5 6. Nf3 Nc6 7. Be3 Be7 8. Qd2 O-O 9. dxc5 Qa5 10. a3 a6 11. Nd4 Bxc5 12. O-O-O Nxd4 13. Bxd4 b5 14. Ne2 Qb6 15. h4 f6 16. exf6 Nxf6 17. Qe3 Bxd4 18. Nxd4 Ng4 19. Qf3 Ne5 20. Qh5 Ng6 21. g3 b4 22. a4 Bd7 23. b3 Rae8 24. Bh3 Qc7 25. Qf3 Kh8 26. h5 Ne5 27. Qe3 Nf7 28. Nf3 Bc8 29. Rde1 Kg8 30. Qd4 Qd6 31. Ne5 Re7 32. Nxf7 Rfxf7 33. Re5 Rc7 34. Rhe1 Rfe7 35. Bg2 Kf8 36. h6 gxh6 37. Rh5 Rg7 38. Qf6+ Kg8 39. Rxd5 Rg6 40. Qxg6+ 1-0

[Event "Ontario op"]
[Site "Brantford CAN"]
[Date "2025.05.19"]
[Round "6"]
[White "Aaroh Mutyalapati, Modith"]
[Black "Pan, Julian"]
[Result "1-0"]
[WhiteElo "2159"]
[BlackElo "1950"]
[WhiteFideId "-1"]
[WhiteFideId "-1"]
[PlyCount "49"]
[GameId "2190355062932316"]
[EventDate "2025.05.17"]
[EventType "swiss"]
[EventRounds "6"]
[EventCountry "CAN"]

1. e4 e5 2. Nf3 Nc6 3. Bb5 a6 4. Bxc6 dxc6 5. Nc3 Bd6 6. d4 exd4 7. Qxd4 f6 8. Be3 Ne7 9. O-O-O Be6 10. Na4 b6 11. Nxb6 Rb8 12. Nc4 Bxc4 13. Qxc4 Qc8 14. Bc5 Bxc5 15. Qxc5 Rb5 16. Qc4 c5 17. e5 Qf5 18. Rhe1 Rf8 19. exf6 gxf6 20. Rd5 Qc8 21. Rxc5 Rxc5 22. Qxc5 Rf7 23. Nd4 Kf8 24. Rxe7 Rxe7 25. Nf5 1-0

[Event "Ontario op"]
[Site "Brantford CAN"]
[Date "2025.05.19"]
[Round "6"]
[White "England, Max"]
[Black "Huang, Eric"]
[Result "1-0"]
[WhiteElo "2236"]
[BlackElo "1905"]
[WhiteFideId "-1"]
[WhiteFideId "-1"]
[PlyCount "97"]
[GameId "2189811341186283"]
[EventDate "2025.05.17"]
[EventType "swiss"]
[EventRounds "6"]
[EventCountry "CAN"]

1. Nf3 d5 2. g3 Nf6 3. Bg2 c5 4. O-O Nc6 5. d4 e6 6. c4 Be7 7. dxc5 Bxc5 8. a3 O-O 9. b4 Be7 10. Nbd2 a6 11. Bb2 b6 12. cxd5 Nxd5 13. e4 Nf6 14. Qe2 Bb7 15. Rfd1 b5 16. Nc4 Qc7 17. Nce5 Rad8 18. Rac1 Qb6 19. Nxc6 Bxc6 20. Bd4 Qb7 21. Ne5 Be8 22. Bc5 Rxd1+ 23. Qxd1 Bxc5 24. bxc5 Bc6 25. Nxc6 Qxc6 26. Qd6 Rc8 27. e5 Nd5 28. Bxd5 exd5 29. f4 a5 30. Qxc6 Rxc6 31. Kf2 Kf8 32. Ke3 Rc8 33. Kd4 Rd8 34. Rb1 b4 35. axb4 axb4 36. Rxb4 Ke7 37. f5 h5 38. Rb7+ Ke8 39. e6 fxe6 40. fxe6 Ra8 41. Rxg7 Ra2 42. Kxd5 Rxh2 43. c6 Rd2+ 44. Ke5 Re2+ 45. Kf6 Rf2+ 46. Kg5 h4 47. c7 Rc2 48. Kxh4 Rc6 49. c8=Q+ 1-0

[Event "Ontario op"]
[Site "Brantford CAN"]
[Date "2025.05.19"]
[Round "6"]
[White "Filipovich, David"]
[Black "Joseph Benher, Savio"]
[Result "0-1"]
[WhiteElo "1997"]
[BlackElo "2234"]
[WhiteFideId "-1"]
[WhiteFideId "-1"]
[PlyCount "104"]
[GameId "2189875726945894"]
[EventDate "2025.05.17"]
[EventType "swiss"]
[EventRounds "6"]
[EventCountry "CAN"]

1. Nf3 Nf6 2. g3 b6 3. Bg2 Bb7 4. O-O e6 5. c4 c5 6. Nc3 Be7 7. Re1 O-O 8. e4 d6 9. d4 cxd4 10. Nxd4 Qc8 11. Be3 Nbd7 12. Rc1 a6 13. f4 Rd8 14. g4 g6 15. g5 Nh5 16. f5 exf5 17. Nxf5 Bf8 18. Nxd6 Bxd6 19. Qxd6 Nc5 20. Qxb6 Nd3 21. Nd5 Bxd5 22. cxd5 Qg4 23. Rf1 Nxc1 24. Bxc1 Re8 25. Qf2 Re7 26. d6 Rd7 27. e5 Rc8 28. Kh1 Qe6 29. Qd4 Rc4 30. Qd3 Rc5 31. Bh3 Qe8 32. Bxd7 Qxd7 33. e6 fxe6 34. Qf3 Rf5 35. Qa8+ Kg7 36. Rxf5 gxf5 37. Bd2 Qxd6 38. Bc3+ e5 39. Qf3 Kg6 40. Kg2 Nf4+ 41. Kg3 Nd5 42. Qe2 e4+ 43. Kh4 Nf4 44. Qc4 Ne6 45. Qe2 Qf4+ 46. Kh3 Nxg5+ 47. Kg2 Nf3 48. Qxa6+ Kh5 49. Qf6 Ng5 50. h4 Qf3+ 51. Kg1 Kxh4 52. Be1+ Kg4 0-1

[Event "Ontario op"]
[Site "Brantford CAN"]
[Date "2025.05.19"]
[Round "6"]
[White "Harms, Reece"]
[Black "Li, Hongyi"]
[Result "1-0"]
[WhiteElo "2054"]
[BlackElo "2078"]
[WhiteFideId "-1"]
[WhiteFideId "-1"]
[PlyCount "49"]
[GameId "2190827261731426"]
[EventDate "2025.05.17"]
[EventType "swiss"]
[EventRounds "6"]
[EventCountry "CAN"]

1. e4 c6 2. d4 d5 3. e5 Bf5 4. h4 h5 5. Bd3 Bxd3 6. Qxd3 e6 7. Bg5 Qb6 8. Nd2 Nd7 9. Ngf3 c5 10. c4 Ne7 11. O-O f6 12. Bf4 Qa6 13. Rfe1 O-O-O 14. exf6 gxf6 15. Rac1 dxc4 16. Nxc4 e5 17. Bg3 Rg8 18. Qb3 Bh6 19. dxe5 Bxc1 20. Nd6+ Kb8 21. exf6 Rxg3 22. fxe7 Rgg8 23. exd8=Q+ Rxd8 24. Nf7 c4 25. Qd1 1-0

[Event "Ontario op"]
[Site "Brantford CAN"]
[Date "2025.05.19"]
[Round "6"]
[White "Huang, Patrick"]
[Black "Hong, Zihan"]
[Result "1-0"]
[WhiteElo "2209"]
[BlackElo "2042"]
[WhiteFideId "-1"]
[WhiteFideId "-1"]
[PlyCount "149"]
[GameId "2189894701399915"]
[EventDate "2025.05.17"]
[EventType "swiss"]
[EventRounds "6"]
[EventCountry "CAN"]

1. d4 Nf6 2. Bf4 e6 3. e3 b6 4. Nf3 Bb7 5. Be2 g6 6. h3 Bg7 7. O-O O-O 8. c4 d6 9. Nc3 Nbd7 10. Qc2 Qe7 11. Bh2 h6 12. Rfd1 a6 13. Rac1 Nh7 14. b4 a5 15. Nb5 Ndf6 16. c5 Rfc8 17. c6 Ba6 18. Nxd6 cxd6 19. b5 Bxb5 20. Bxb5 Ne8 21. Nd2 Qd8 22. Nc4 Nhf6 23. e4 d5 24. c7 Rxc7 25. Bxc7 Qxc7 26. e5 dxc4 27. exf6 Nxf6 28. Qxc4 Qxc4 29. Rxc4 Rd8 30. Bc6 Nd5 31. a4 Nb4 32. Bf3 Bf6 33. Kf1 Kg7 34. Ke2 Rd6 35. Be4 Bg5 36. Rc7 Nd5 37. Bxd5 Rxd5 38. Rc6 b5 39. Rc5 bxa4 40. Rxd5 exd5 41. Ra1 Be7 42. Rxa4 Bb4 43. Kd3 h5 44. Ra2 Kf6 45. f3 h4 46. Ke3 Kf5 47. f4 Be1 48. Kf3 f6 49. Ra4 Bb4 50. Ra2 Be1 51. Ra1 Bd2 52. Ra2 Be1 53. Re2 Bg3 54. Re8 Bxf4 55. Rd8 Bd2 56. Rxd5+ Ke6 57. Rd8 g5 58. Ke4 Bf4 59. d5+ Ke7 60. Ra8 Bc7 61. Ra6 Bd8 62. Kf5 Kd7 63. d6 Kc8 64. Ke6 Kb7 65. Kd7 Bb6 66. Rxb6+ Kxb6 67. Kc8 f5 68. d7 g4 69. d8=Q+ Kb5 70. Qxh4 gxh3 71. Qxh3 a4 72. Qxf5+ Kb4 73. g4 a3 74. Qd5 Kc3 75. Qa2 1-0

[Event "Ontario op"]
[Site "Brantford CAN"]
[Date "2025.05.19"]
[Round "6"]
[White "Joshua Lee, Daniel"]
[Black "Deepak, Laksshana"]
[Result "0-1"]
[WhiteElo "1989"]
[BlackElo "2089"]
[WhiteFideId "-1"]
[WhiteFideId "-1"]
[PlyCount "106"]
[GameId "2190599322781420"]
[EventDate "2025.05.17"]
[EventType "swiss"]
[EventRounds "6"]
[EventCountry "CAN"]

1. e4 c6 2. d4 d5 3. exd5 cxd5 4. Bd3 Nf6 5. c3 Nc6 6. Bf4 g6 7. Nf3 Bg7 8. O-O O-O 9. Re1 Bg4 10. h3 Bxf3 11. Qxf3 Qb6 12. Re2 Rfe8 13. Na3 Nh5 14. Bh2 e5 15. dxe5 Nxe5 16. Bxe5 Rxe5 17. Rxe5 Bxe5 18. Re1 Re8 19. Re2 Re6 20. Bf5 Nf4 21. Bxe6 Nxe2+ 22. Qxe2 Qxe6 23. Nc2 Qf5 24. g3 h5 25. h4 Bc7 26. a3 Qe4 27. Qxe4 dxe4 28. Ne3 f5 29. Nd5 Be5 30. Kf1 Kf7 31. b3 g5 32. hxg5 Kg6 33. f4 exf3 34. Kf2 Kxg5 35. Kxf3 h4 36. gxh4+ Kxh4 37. c4 Kg5 38. b4 Kg6 39. a4 Kf7 40. Kg2 Ke6 41. Kh3 Bb8 42. Kg2 Ke5 43. Kf3 Kd4 44. Ne7 Kxc4 45. b5 f4 46. Nc8 Kb4 47. b6 a5 48. Ne7 Kxa4 49. Ke4 Kb5 50. Nc8 a4 51. Kd3 a3 52. Kc3 f3 53. Na7+ Kxb6 0-1

[Event "Ontario op"]
[Site "Brantford CAN"]
[Date "2025.05.19"]
[Round "6"]
[White "Jung, Hans"]
[Black "Bai Li, Triston"]
[Result "1-0"]
[WhiteElo "2061"]
[BlackElo "1992"]
[WhiteFideId "-1"]
[WhiteFideId "-1"]
[PlyCount "78"]
[GameId "2190820809663051"]
[EventDate "2025.05.17"]
[EventType "swiss"]
[EventRounds "6"]
[EventCountry "CAN"]

1. Nc3 e5 2. Nf3 Nc6 3. d4 exd4 4. Nxd4 Bc5 5. Be3 Bxd4 6. Bxd4 Nf6 7. Be3 d5 8. Bc5 b6 9. Ba3 d4 10. Nb1 Ba6 11. c3 Qd7 12. cxd4 Qf5 13. e3 Ng4 14. Qf3 Qxf3 15. gxf3 Bxf1 16. Kxf1 Nf6 17. Nc3 O-O-O 18. Rc1 Kb7 19. Kg2 Rhe8 20. Rhd1 Nd5 21. Ne2 f5 22. b3 Ndb4 23. Rc4 a5 24. Rdc1 Rd6 25. Bxb4 axb4 26. d5 Ne7 27. Rxc7+ Kb8 28. Nd4 Rg6+ 29. Kf1 Nxd5 30. Rf7 Rh6 31. Nc6+ Kc8 32. Ne7+ Kd7 33. Nxf5+ Ke6 34. Nxh6 gxh6 35. Rxh7 Ra8 36. Rxh6+ Ke7 37. e4 Nf4 38. Rc7+ Kd8 39. Rf7 Ng6 1-0

[Event "Ontario op"]
[Site "Brantford CAN"]
[Date "2025.05.19"]
[Round "6"]
[White "Kapra, Jerjis"]
[Black "Lalonde, Olivier"]
[Result "1/2-1/2"]
[WhiteElo "2270"]
[BlackElo "2266"]
[WhiteFideId "-1"]
[WhiteFideId "-1"]
[PlyCount "41"]
[GameId "2189679026275182"]
[EventDate "2025.05.17"]
[EventType "swiss"]
[EventRounds "6"]
[EventCountry "CAN"]

1. Nf3 d5 2. e3 Nf6 3. c4 e6 4. Nc3 c6 5. b3 Bd6 6. Bb2 O-O 7. Be2 Nbd7 8. Qc2 Ne5 9. d4 Nxf3+ 10. Bxf3 dxc4 11. bxc4 e5 12. O-O exd4 13. exd4 Bg4 14. Bxg4 Nxg4 15. h3 Nf6 16. Rad1 Re8 17. Rfe1 Qd7 18. Qd3 Rxe1+ 19. Rxe1 Re8 20. Rxe8+ Qxe8 21. Kf1 1/2-1/2